000 00896nas a2200313 4500
001 BR7800345
003 BR-BrBNA
005 20231205083302.0
007 ta
008 230509b bl.|||p| |||| 00| 00por d
040 _aBR-BrBNA
_bpor
_cBiblioteca Nacional de Agricultura
041 _a(Pt)
072 _aF25
100 1 _aReis, E.L.
100 1 _aSouza, L.F. da S.
100 1 _aCaldas, R.C.
245 1 _aEfeito da adubacao NPK e da calagem no crescimento de plantulas enviveiradas de seringueira [Hevea brasiliensis]
650 _aSERINGUEIRA
650 _aADUBACAO
650 _aCALAGEM
650 _aNPK
650 _aNITROGENIO
650 _aFOSFORO
650 _aPOTASSIO
773 0 _tRevista Theobroma (Brazil)
_x
_g(Apr 1977), v. 7(2) p. 35-40
_wBR7800345
856 4 0 _dLink DSPACE/MAPA BR7800345
909 _a202311
_bLúcia
_c55
_dLúcia Elande
942 _2AGRIS
_n0
_cANA
999 _c97721
_d97721